Hints to travellers : (Record no. 8040)
[ view plain ]
| 000 -LEADER | |
|---|---|
| fixed length control field | 01032nam a22002412 4500 |
| 001 - CONTROL NUMBER | |
| control field | 0000011714 |
| 005 - DATE AND TIME OF LATEST TRANSACTION | |
| control field | 20151217152100.0 |
| 008 - FIXED-LENGTH DATA ELEMENTS--GENERAL INFORMATION | |
| fixed length control field | 090105s xx 000 0 eng d |
| 040 ## - CATALOGING SOURCE | |
| Original cataloging agency | KABU |
| Transcribing agency | KABU |
| 110 2# - MAIN ENTRY--CORPORATE NAME | |
| Corporate name or jurisdiction name as entry element | Royal Geographical Society. |
| -- | 0000150497 |
| 245 10 - TITLE STATEMENT | |
| Title | Hints to travellers : |
| Remainder of title | scientific and general / |
| Statement of responsibility, etc. | edited for the Council of the Royal Geographical Society by E. A. Reeves. |
| 250 ## - EDITION STATEMENT | |
| Edition statement | 9th Rev. and enlarged ed. |
| 260 ## - PUBLICATION, DISTRIBUTION, ETC. (IMPRINT) | |
| Place of publication, distribution, etc. | London : |
| Name of publisher, distributor, etc. | Royal Geographical Society, |
| Date of publication, distribution, etc. | 1906. |
| 300 ## - PHYSICAL DESCRIPTION | |
| Extent | 2 v. |
| 505 0# - FORMATTED CONTENTS NOTE | |
| Formatted contents note | V. I. Surveying and practical astronomy - V. II. Meteorology, photography,geology, natural history, anthropology, industry and commerce, archaeology, medical, etc. |
| 650 #0 - SUBJECT ADDED ENTRY--TOPICAL TERM | |
| Topical term or geographic name as entry element | Scientific expeditions |
| General subdivision | Handbooks. |
| -- | 0000167697 |
| 650 #0 - SUBJECT ADDED ENTRY--TOPICAL TERM | |
| Topical term or geographic name as entry element | Topographical surveying. |
| -- | 0000167698 |
| 700 1# - ADDED ENTRY--PERSONAL NAME | |
| Personal name | Reeves, E. A. |
| -- | 0000167699 |
| 852 1# - LOCATION | |
| -- | p500 KES |
| 852 1# - LOCATION | |
| -- | p500 KES |
| 908 ## - PUT COMMAND PARAMETER (RLIN) | |
| Put command parameter | 090105 |
| 950 ## - LOCAL HOLDINGS (RLIN) | |
| -- | 1 |
| Withdrawn status | Lost status | Source of classification or shelving scheme | Not for loan | Home library | Current library | Date acquired | Total Checkouts | Full call number | Barcode | Date last seen | Price effective from | Koha item type |
|---|---|---|---|---|---|---|---|---|---|---|---|---|
| Library of Congress Classification | Kabarak, Main Campus | Kabarak, Main Campus | 17/12/2015 | Q116 .R69 1906 v. I c. 1 | 15808 | 17/12/2015 | 17/12/2015 | General Collection | ||||
| Library of Congress Classification | Kabarak, Main Campus | Kabarak, Main Campus | 17/12/2015 | Q116 .R69 1906 v. II c. 1 | 15813 | 17/12/2015 | 17/12/2015 | General Collection |